00543nam a2200145Ia 4500008004100000024004200041082001600083100006400099245002400163260002500187600002100212650003800233952010900271999001700380250506s9999 xx 000 0 und d a14B-88-BS, 14B-92-BS & 14B-101-BS a005.072 SYE aSyed Zain Ali, Muhammad Hassan Sohail & Muhammad Yusuf Khan 0aHirewiz (code book) aKarachi:bUIT,c2014 aComputer Science aBachelor of Computer Science (BS) 001040708PR-CSaUITUbUITUd2022-07-26l0o005.072 SYEpBS-497-Ar2025-05-06 11:34:31w2025-05-06yPR c28587d28587